000 00299nam a22001337a 4500
008 170713b xxu||||| |||| 00| 0 eng d
020 _a9780192834072
041 _aeng
080 _a17
100 _a24
101 _aFIL
245 _aARISTOLE THE NICOMACHEAN RTHICS
_cROSS,D
942 _2udc
_cBK
999 _c20559
_d20559